<?xml version="1.0" encoding="UTF-8"?>
<record
    xmlns:xsi="http://www.w3.org/2001/XMLSchema-instance"
    xsi:schemaLocation="http://www.loc.gov/MARC21/slim http://www.loc.gov/standards/marcxml/schema/MARC21slim.xsd"
    xmlns="http://www.loc.gov/MARC21/slim">

  <leader>00890nam0a2200241   4500</leader>
  <controlfield tag="001">RU\NLR\BIBL_A\011172616</controlfield>
  <controlfield tag="005">20250625212821.0</controlfield>
  <datafield tag="035" ind1=" " ind2=" ">
    <subfield code="a">(NLR Aleph) 011172616</subfield>
  </datafield>
  <datafield tag="090" ind1=" " ind2=" ">
    <subfield code="a">11773967</subfield>
    <subfield code="c">11773967</subfield>
  </datafield>
  <datafield tag="100" ind1=" " ind2=" ">
    <subfield code="a">20160706d1956    |||y0rusy50      ca</subfield>
  </datafield>
  <datafield tag="101" ind1="0" ind2=" ">
    <subfield code="a">sah</subfield>
  </datafield>
  <datafield tag="102" ind1=" " ind2=" ">
    <subfield code="a">RU</subfield>
  </datafield>
  <datafield tag="105" ind1=" " ind2=" ">
    <subfield code="a">y   z   000 y</subfield>
  </datafield>
  <datafield tag="200" ind1="1" ind2=" ">
    <subfield code="a">&#x420;&#x430;&#x445;&#x438;&#x442;</subfield>
    <subfield code="f">&#x41C;. &#x418;. &#x41B;&#x44E;&#x431;&#x438;&#x43C;&#x43E;&#x432;&#x430;</subfield>
    <subfield code="g">&#x421;&#x430;&#x445;&#x430; &#x410;&#x421;&#x421;&#x420; &#x434;&#x43E;&#x440;&#x443;&#x43E;&#x431;&#x443;&#x439;&#x430; &#x445;&#x430;&#x440;&#x44B;&#x441;&#x442;&#x430;&#x431;&#x44B;&#x43B;&#x44B;&#x43D; &#x43C;&#x438;&#x43D;-&#x432;&#x43E;&#x442;&#x44B;&#x43D; &#x421;&#x430;&#x43D;&#x438;&#x442;&#x430;&#x440;&#x43D;&#x430;&#x439; &#x441;&#x44B;&#x440;&#x434;&#x430;&#x442;&#x44B;&#x44B;&#x442;&#x44B;&#x43D; &#x434;&#x44C;&#x438;&#x44D;&#x442;&#x44D;</subfield>
  </datafield>
  <datafield tag="210" ind1=" " ind2=" ">
    <subfield code="a">&#x42F;&#x43A;&#x443;&#x442;&#x441;&#x43A;&#x430;&#x439;</subfield>
    <subfield code="c">&#x421;&#x430;&#x445;&#x430; &#x441;&#x438;&#x440;&#x438;&#x43D;&#x44D;&#x44D;&#x495;&#x438; &#x43A;&#x438;&#x43D;&#x438;&#x433;&#x44D; &#x438;&#x437;&#x434;-&#x432;&#x43E;&#x442;&#x430;</subfield>
    <subfield code="d">1956</subfield>
  </datafield>
  <datafield tag="215" ind1=" " ind2=" ">
    <subfield code="a">5, [1] &#x441;.</subfield>
    <subfield code="d">22</subfield>
  </datafield>
  <datafield tag="606" ind1="1" ind2=" ">
    <subfield code="a">&#x420;&#x430;&#x445;&#x438;&#x442;</subfield>
    <subfield code="9">950645</subfield>
    <subfield code="3">RU\NLR\AUTH\6634569</subfield>
  </datafield>
  <datafield tag="686" ind1="1" ind2=" ">
    <subfield code="a">&#x420;733.415</subfield>
  </datafield>
  <datafield tag="700" ind1=" " ind2="1">
    <subfield code="a">&#x41B;&#x44E;&#x431;&#x438;&#x43C;&#x43E;&#x432;&#x430;</subfield>
    <subfield code="b">&#x41C;. &#x418;.</subfield>
    <subfield code="g">&#x41C;&#x430;&#x440;&#x438;&#x44F; &#x418;&#x441;&#x430;&#x435;&#x432;&#x43D;&#x430;</subfield>
    <subfield code="4">070</subfield>
  </datafield>
  <datafield tag="852" ind1=" " ind2=" ">
    <subfield code="a">NLR</subfield>
    <subfield code="b">&#x41E;&#x41D;&#x41B;</subfield>
    <subfield code="j">&#x42F;&#x43A;&#x443;&#x442;./3-814</subfield>
  </datafield>
  <datafield tag="942" ind1=" " ind2=" ">
    <subfield code="c">BOOK</subfield>
  </datafield>
  <datafield tag="980" ind1=" " ind2=" ">
    <subfield code="a">NB</subfield>
  </datafield>
  <datafield tag="995" ind1=" " ind2=" ">
    <subfield code="5">2016-07-06</subfield>
    <subfield code="b">NLR01</subfield>
    <subfield code="c">NLR01</subfield>
    <subfield code="e">ONL</subfield>
    <subfield code="f">1-1435588</subfield>
    <subfield code="k">&#x41E;&#x41D;&#x41B; &#x42F;&#x43A;&#x443;&#x442;./3-814</subfield>
    <subfield code="o">0</subfield>
    <subfield code="r">BOOK</subfield>
    <subfield code="s">_3814</subfield>
  </datafield>
</record>
